Statistics for JR九州 駅別乗車人員ベスト100

Click here to take the quiz!

General Stats

  • This quiz has been taken 591 times
  • The average score is 59 of 100

Answer Stats

RankAnswerLineNo.% Correct
1博多鹿児島本線93,823
100%
3鹿児島中央鹿児島本線14,895
98%
9熊本鹿児島本線11,469
98%
2小倉鹿児島本線27,129
98%
4大分日豊本線13,724
97%
26鳥栖鹿児島本線5,557
96%
20長崎長崎本線6,245
96%
41宮崎日豊本線4,206
94%
12佐賀長崎本線9,404
94%
23久留米鹿児島本線5,824
93%
60佐世保佐世保線2,600
91%
38別府日豊本線4,385
90%
30門司鹿児島本線5,120
89%
47門司港鹿児島本線3,746
87%
89唐津唐津線1,663
87%
80大牟田鹿児島本線1,911
85%
10香椎鹿児島本線11,321
85%
44諫早長崎本線4,062
82%
96八代鹿児島本線1,533
81%
7黒崎鹿児島本線11,938
80%
6折尾鹿児島本線12,541
80%
71中津日豊本線2,114
78%
22二日市鹿児島本線5,910
78%
5吉塚鹿児島本線13,125
78%
68川内鹿児島本線2,170
77%
77大村大村線1,927
76%
13南福岡鹿児島本線8,457
76%
31姪浜筑肥線5,083
76%
32行橋日豊本線4,790
74%
40西小倉鹿児島本線4,313
74%
27筑前前原筑肥線5,509
74%
28八幡鹿児島本線5,432
70%
19赤間鹿児島本線6,814
70%
15福間鹿児島本線7,646
69%
14戸畑鹿児島本線7,830
69%
73玉名鹿児島本線2,065
65%
58直方筑豊本線2,674
65%
87スペースワールド鹿児島本線1,786
63%
43篠栗篠栗線4,101
63%
46春日鹿児島本線3,888
63%
16竹下鹿児島本線7,441
62%
11福工大前鹿児島本線9,757
62%
50新飯塚筑豊本線3,399
62%
8千早鹿児島本線11,603
60%
66浦上長崎本線2,270
60%
18大野城鹿児島本線6,935
60%
29箱崎鹿児島本線5,228
59%
52原田鹿児島本線3,176
59%
17九大学研都市筑肥線7,302
59%
57水前寺豊肥本線2,816
59%
39新水前寺豊肥本線4,364
58%
24古賀鹿児島本線5,674
56%
64上熊本鹿児島本線2,364
56%
36南小倉日豊本線4,390
56%
69肥後大津豊肥本線2,170
55%
74遠賀川鹿児島本線2,020
55%
51長者原篠栗線3,383
54%
45城野日豊本線4,018
54%
21九産大前鹿児島本線6,090
54%
55海老津鹿児島本線3,036
53%
63羽犬塚鹿児島本線2,395
53%
54基山鹿児島本線3,131
53%
34新宮中央鹿児島本線4,576
53%
37東郷鹿児島本線4,387
51%
56枝光鹿児島本線2,880
49%
62国分日豊本線2,422
49%
81苅田日豊本線1,906
49%
90水巻鹿児島本線1,662
48%
91宇美香椎線1,649
47%
33笹原鹿児島本線4,689
47%
75伊集院鹿児島本線2,008
47%
82陣原鹿児島本線1,864
46%
59谷山指宿枕崎線2,640
46%
49九州工大前鹿児島本線3,525
46%
92宇土鹿児島本線1,612
45%
70光の森豊肥本線2,156
45%
78教育大前鹿児島本線1,916
44%
67東福間鹿児島本線2,213
42%
25下曽根日豊本線5,638
40%
88水城鹿児島本線1,724
40%
98別府大学日豊本線1,511
37%
65天拝山鹿児島本線2,294
37%
85糸島高校前筑肥線1,820
37%
53千鳥鹿児島本線3,134
37%
61下山門筑肥線2,474
36%
95鶴崎日豊本線1,540
35%
48柚須篠栗線3,619
33%
42周船寺筑肥線4,115
33%
84朽網日豊本線1,838
32%
94小波瀬西工大前日豊本線1,542
32%
35今宿筑肥線4,543
30%
97長与長崎本線1,522
29%
79武蔵塚豊肥本線1,913
28%
72安部山公園日豊本線2,071
28%
76波多江筑肥線1,999
27%
93加治木日豊本線1,604
23%
86大在日豊本線1,789
22%
100東海学園前豊肥本線1,479
21%
83坂之上指宿枕崎線1,843
17%
99上伊集院鹿児島本線1,487
17%

Score Distribution

Percentile by Number Answered

Percent of People with Each Score

Your Score History

You have not taken this quiz